| 000 | 00618nam a2200229 a 4500 | ||
|---|---|---|---|
| 001 | BRL_1902 | ||
| 005 | 20190320211427.0 | ||
| 008 | 130815s1929----au-#######---#000-0#ger-# | ||
| 041 | _ager | ||
| 044 | _aau | ||
| 050 | 4 |
_aBL80.3 _b.D54 1929 |
|
| 245 | 1 | 0 |
_aDie religionen der erde _bin einzeldarstellungen _cvon H. Balcz...[et al.] |
| 260 |
_aWien _bFranz Deuticke _c1929 |
||
| 300 |
_a263 p. _c24 cm. |
||
| 440 | 0 |
_aWissenschaft und Kultur _928193 |
|
| 500 | _aAu2160 | ||
| 650 | 1 | 4 |
_aReligiones _928194 |
| 650 | 1 | 4 |
_aReligiones _xHistoria _927801 |
| 700 | 1 |
_aBalcz, H. _928195 |
|
| 902 | _aGRL | ||
| 942 |
_2lcc _cB |
||
| 999 |
_c10710 _d10710 |
||